000 003070000a22000970004500
100 1 _aDalley, Stephanie
245 1 0 _aYahweh in hamath in the 8th century BC : Cuneiform material and historical deductions
300 _aVol. 40, Num. 1 (Enero, 1990), Páginas 21-32
773 0 _tVetus Testamentum
942 _cANA
999 _c57607
_d57607